| 000 -LEADER |
| fixed length control field |
00690cam a22001934a 4500 |
| 001 - CONTROL NUMBER |
| control field |
12487729 |
| 005 - DATE AND TIME OF LATEST TRANSACTION |
| control field |
20230421142620.0 |
| 008 - FIXED-LENGTH DATA ELEMENTS--GENERAL INFORMATION |
| fixed length control field |
010730s2004 maua bf 001 0 eng |
| 020 ## - INTERNATIONAL STANDARD BOOK NUMBER |
| International Standard Book Number |
9781405127004x |
| 041 ## - LANGUAGE CODE |
| Language code of text/sound track or separate title |
eng |
| 080 ## - UNIVERSAL DECIMAL CLASSIFICATION NUMBER |
| Universal Decimal Classification number |
159.9(075.8) H-22 |
| 245 00 - TITLE STATEMENT |
| Title |
Handbook of research methods in industrial and organizational psychology / |
| Statement of responsibility, etc. |
edited by Steven G. Rogelberg. |
| 264 ## - PRODUCTION, PUBLICATION, DISTRIBUTION, MANUFACTURE, AND COPYRIGHT NOTICE |
| Place of production, publication, distribution, manufacture |
Malden, Mass : |
| Name of producer, publisher, distributor, manufacturer |
Blackwell Publishers, |
| Date of production, publication, distribution, manufacture, or copyright notice |
2002. |
| 300 ## - PHYSICAL DESCRIPTION |
| Extent |
520 p. : |
| Other physical details |
ill. ; |
| Dimensions |
26 cm. |
| 440 #0 - SERIES STATEMENT/ADDED ENTRY--TITLE |
| Title |
Blackwell handbooks of research methods in psychology |
| 9 (RLIN) |
17727 |
| 653 ## - INDEX TERM--UNCONTROLLED |
| keyword |
ფსიქოლოგია |
| 700 1# - ADDED ENTRY--PERSONAL NAME |
| Personal name |
Rogelberg, Steven G. |
| Relator term |
რედაქტორი |
| 9 (RLIN) |
17728 |
| 942 ## - ADDED ENTRY ELEMENTS (KOHA) |
| Source of classification or shelving scheme |
|
| Koha item type |
წიგნი |